So Straussom - po Straussovi 2 (Záznamy zo Zápisníka 3.9.-31.12.1994)

Bibliographic Details
Main Author: Rybák, Július, 1933-2021 (Author)
Format: Book
Language:Slovak
PhysicalDescription:84 s. 21 cm
Published: Prešov Michal Vaško 1998
ISBN:8071651605
Subjects:

MARC

LEADER 00000nam a2200000 a 4500
001 vtls001357753
003 SK-MaSNL
005 20260301010548.0
008 240314s1998 xo r 000 mbslo
015 |a SNBA1999/06-02164 
020 |a 8071651605 
035 |a SNK000311261 
035 |a urn:nbn:sk:snk-amkj0z 
035 |a urn:nbn:sk:snk-am003av5 
035 |a 975DCBE1-ADBF-4AB0-B415-CAFC4067285E 
040 |a SNK  |b slo  |c SNK  |e AACR2 
041 0 |a slo 
044 |a xo  |c SK 
080 |a 885.4-94  |2 1981 
100 1 |a Rybák, Július,  |d 1933-2021  |4 aut  |9 102379 
245 1 0 |a So Straussom - po Straussovi  |n 2  |p (Záznamy zo Zápisníka 3.9.-31.12.1994)  |c Julo Rybák 
260 |a Prešov  |b Michal Vaško  |c 1998 
300 |a 84 s.  |c 21 cm 
600 1 7 |a Strauss, Pavol,  |d 1912-1994  |2 SNKMA  |9 93225 
655 7 |a denníkové zápisky  |2 SNK  |9 292565 
919 |a 80-7165-160-5 
958 |a LX 
958 |a BX 
999 |c 548490  |d 550420 
952 |t P60, <09>, [BOOK], {629}  |a SNK  |b SNK  |y NEVYP  |7 0  |o snkC 159  |i snk340/990322  |0 0  |1 0  |4 0  |d 1999-03-17  |l 0  |r 2005-01-02 00:00:00  |w 2026-02-23 
952 |t P60, <03>, [BOOK], {603}  |a SNK  |b SNK  |y PREZ  |7 0  |p 17A0185056  |o snkSC 95950/2  |i snkKSP 2879/99  |0 0  |1 0  |4 0  |d 1999-03-17  |f 1  |l 0  |r 2025-09-12 00:00:00  |w 2026-02-23 
952 |t P60, <04>, [BOOK], {604}  |a SNK  |b SNK  |y VYP  |7 0  |p 17A0185057  |o snkSC 95950/2 D1  |i snkKSP 2880/99  |0 0  |1 0  |4 0  |d 1999-03-17  |l 0  |r 2005-01-02 00:00:00  |w 2026-02-23